Fast Food Countries Quiz Stats

 Plays Quiz Updated Aug 2, 2018

Challenge
Share
Tweet
Embed
Score 0/50 Timer 03:00
7 Plays Today
Hint Country % Correct
McDonald'sUnited States
99.5%
StarbucksUnited States
99.5%
SubwayUnited States
99.5%
KFCUnited States
99.5%
Domino'sUnited States
99.5%
McDonald'sChina
97.6%
StarbucksChina
97.6%
SubwayChina
97.6%
KFCChina
97.6%
McDonald'sCanada
95.9%
StarbucksCanada
95.9%
SubwayCanada
95.9%
KFCCanada
95.9%
Domino'sCanada
95.9%
McDonald'sFrance
95.8%
Domino'sFrance
95.8%
McDonald'sUnited Kingdom
94.6%
StarbucksUnited Kingdom
94.6%
SubwayUnited Kingdom
94.6%
KFCUnited Kingdom
94.6%
Domino'sUnited Kingdom
94.6%
McDonald'sJapan
94.3%
StarbucksJapan
94.3%
KFCJapan
94.3%
Domino'sJapan
94.3%
Hint Country % Correct
McDonald'sGermany
94.2%
SubwayGermany
94.2%
StarbucksMexico
93.8%
SubwayMexico
93.8%
Domino'sMexico
93.8%
SubwayRussia
92.4%
McDonald'sRussia
92%
McDonald'sBrazil
89.6%
SubwayBrazil
89.6%
McDonald'sAustralia
85.8%
SubwayAustralia
85.8%
KFCAustralia
85.8%
Domino'sAustralia
85.8%
Domino'sIndia
84.3%
SubwayIndia
81.4%
StarbucksSouth Korea
65.2%
Domino'sSouth Korea
65.2%
KFCSouth Africa
64.4%
KFCIndonesia
55.8%
StarbucksTurkey
50.5%
Domino'sTurkey
50.5%
KFCThailand
47.9%
StarbucksPhilippines
39.1%
KFCMalaysia
35.2%
StarbucksTaiwan
28.3%

You're not logged in!

Compare scores with friends on all Sporcle quizzes.
Join for Free
OR
Log In

You Might Also Like...

Show Comments

Extras

Top Quizzes Today


Score Distribution

Your Account Isn't Verified!

In order to create a playlist on Sporcle, you need to verify the email address you used during registration. Go to your Sporcle Settings to finish the process.

Report this User

Report this user for behavior that violates our Community Guidelines.

Details: